Easy Geography Multiple Choice - Statistics

General Stats
  • This quiz has been taken 46 times
    33 since last reset
  • The average score is 13 of 15
Answer Stats
Question Answer % Correct
Biggest US State Alaska
100%
Has the Eiffel Tower France
100%
Capital of UK London
100%
Smallest US state Rhode island
100%
Biggest country In the world Russia
100%
Smallest country Vatican City
100%
Capital Of USA Washington D.C
100%
Biggest continent in the world Asia
88%
Biggest country in south america Brazil
88%
How Many countries are there in the world 196
75%
Biggest Country in oceania Australia
75%
country in Africa Comoros
75%
How many countries are there in Asia 48
63%
Biggest full Europe country Ukraine
50%
How Many countries in north america 23
38%
No matching quizzes found
Score Distribution
Percent of People with Each Score
Percentile by Number Answered
Your Score History
You have not taken this quiz since the last reset